| 000 | 00486nam a2200181Ia 4500 | ||
|---|---|---|---|
| 003 | OSt | ||
| 005 | 20250228143330.0 | ||
| 008 | 230105s9999||||xx |||||||||||||| ||und|| | ||
| 020 | _a9966773231 | ||
| 040 | _cChuka University Library | ||
| 050 |
_aPL 8704 _b.A2S5 2007 |
||
| 100 |
_aWamitila, K. W. (ed) _94059 |
||
| 245 | 0 | _aShingo ya mbunge na hadithi nyingine | |
| 260 |
_aNairobi _bVide~Muwa _c2007 |
||
| 300 | _a125p. | ||
| 650 |
_aSwahili _xFiction _912014 |
||
| 942 |
_cBK _2lcc _02 |
||
| 999 |
_c6470 _d6470 |
||